|
|
|
|
| LEADER |
00831nab a2200217 i 4500 |
| 001 |
acta2861 |
| 005 |
20260202084040.0 |
| 008 |
161015s1999 hu o 000 hun d |
| 022 |
|
|
|a 0324-6965
|
| 040 |
|
|
|a SZTE Egyetemi Kiadványok Repozitórium
|b hun
|
| 041 |
|
|
|a hun
|
| 041 |
|
|
|a ger
|
| 100 |
1 |
|
|a Gaál Endre
|
| 245 |
1 |
0 |
|a Dr. Gaál Endre műveinek válogatott bibliográfiája
|h [elektronikus dokumentum] /
|c Gaál Endre
|
| 260 |
|
|
|a University of Szeged, Magyar Medievisztikai Kutatócsoport
|b Szeged
|c 1999
|
| 300 |
|
|
|a 10-16
|
| 490 |
0 |
|
|a Acta Universitatis Szegediensis : acta historica
|v 108
|
| 650 |
|
4 |
|a Bölcsészettudományok
|
| 650 |
|
4 |
|a Történettudomány és régészet
|
| 695 |
|
|
|a Történettudomány - magyar - bibliográfia
|
| 856 |
4 |
0 |
|u http://acta.bibl.u-szeged.hu/2861/1/historica_108_010-016.pdf
|z Dokumentum-elérés
|